|
|
|
|
| LEADER |
00000nab#a22000007a#4500 |
| 001 |
arbauad023422 |
| 003 |
AR-BaUAD |
| 005 |
20250711111959.0 |
| 008 |
961114|||||||||###||||||b###|0###a|spa|| |
| 040 |
|
|
|a AR-BaUAD
|c AR-BaUAD
|b spa
|
| 100 |
|
|
|a Pearlman, Chee
|
| 245 |
|
|
|a Furniture /
|c Chee Pearlman;
|
| 300 |
0 |
|
|b fot.
|
| 653 |
|
|
|a ESTADOS UNIDOS
|
| 653 |
|
|
|a CONCURSOS
|
| 653 |
|
|
|a VIGNELLI ASSOCIATES
|
| 653 |
|
|
|a HUCKER, THOMAS
|
| 653 |
|
|
|a FRINIER, RICHARD
|
| 653 |
|
|
|a BROGGI-BURCKHART
|
| 653 |
|
|
|a EBIHARA, DANIEL
|
| 653 |
|
|
|a AFRA
|
| 653 |
|
|
|a SCARPA, TOBIA
|
| 653 |
|
|
|a BLACKMAN, LEO
|
| 653 |
|
|
|a CHANTRY, LANCE
|
| 653 |
|
|
|a UCHIDA, SHIGERU
|
| 653 |
|
|
|a ROMERO, FRANZ
|
| 653 |
|
|
|a KEMMA, RENE
|
| 653 |
|
|
|a MIYAZAKI, STOMU
|
| 653 |
|
|
|a BURDICK, BRUCE
|
| 653 |
|
|
|a PIGNATELLI, MARCO
|
| 653 |
|
|
|a KOSAKOWSKY, SUSAN
|
| 653 |
|
|
|a SIERAKOWSKI, PLOTR
|
| 653 |
|
|
|a MUEBLES
|
| 653 |
|
|
|a MESAS
|
| 653 |
|
|
|a SILLONES
|
| 653 |
|
|
|a TABURETES
|
| 653 |
|
|
|a REPOSERAS
|
| 653 |
|
|
|a BANCOS
|
| 653 |
|
|
|a ARTEFACTOS
|
| 653 |
|
|
|a ILUMINACION
|
| 653 |
|
|
|a LAMPARAS
|
| 653 |
|
|
|a DISEÑO INDUSTRIAL
|
| 773 |
0 |
|
|t I.D.
|g [jul.-ago. 1987], p. 60-79
|
| 942 |
|
|
|c ARTI
|
| 952 |
|
|
|0 0
|1 0
|4 0
|7 0
|9 68341
|a AR-BAuAD
|b AR-BAuAD
|d 2025-07-11
|l 0
|p AAQA023422
|r 2025-07-11 11:19:59
|w 2025-07-11
|y ARTI
|
| 990 |
|
|
|a DI198
|b TD
|
| 998 |
|
|
|a AAQ
|b BIBUN76
|
| 999 |
|
|
|c 48014
|d 48014
|